Atlas chromozómových aberací /

Hlavní autor: Klen, Rudolf, 1915-2006
Další autoři: Srb, Vladimír, 1931-2005
Jazyk: Ruština
Čeština
Angličtina
Vydáno: Praha : Academia, 1982
Vydání: 1. vyd.
Externí odkaz: Digitalizovaný dokument
Fyzický popis: 145 s.
Language note: Část. souběžný anglický a ruský text
Knihy
Uloženo v:
LEADER 01419nam a22003372a 4500
001 001116601
003 CZ BrMZK
005 20110406154804.0
007 ta
008 100917s1982 xr er|||||||||||cze d
015 |a cnb000122437 
035 |a (OCoLC)42150098 
040 |a BOA001  |b cze 
041 1 |a cze  |a eng  |a rus  |h cze 
100 1 |a Klen, Rudolf,  |d 1915-2006  |7 jk01060405  |4 aut 
245 1 0 |a Atlas chromozómových aberací /  |c Rudolf Klen, Vladimír Srb 
250 |a 1. vyd. 
260 |a Praha :  |b Academia,  |c 1982 
300 |a 145 s. 
504 |a Obsahuje bibliografii 
546 |a Část. souběžný anglický a ruský text 
700 1 |a Srb, Vladimír,  |d 1931-2005  |7 jk01120747  |4 aut 
856 4 1 |u http://www.digitalniknihovna.cz/mzk/uuid/uuid:9ecb36c0-505f-11e3-a739-005056827e52  |y Digitalizovaný dokument  |x NDK 
910 |a BOA001  |b 2-0850.484 
990 |a BK 
991 |b 201009 
996 7 |b 2619362562  |c 2-0850.484  |l MZK  |r Sklad / do 1 hodiny  |n 0  |w 001144256  |u 000050  |a 1  |e BOA001  |j MZK50  |s A 
996 7 |b 2619362563  |c 2-0850.484  |l MZK  |r Sklad / do 1 hodiny  |n 0  |w 001144256  |u 000040  |a 1  |e BOA001  |j MZK50  |s A 
996 7 |b 2619362564  |c 2-0850.484  |l MZK  |r Sklad / do 1 hodiny  |n 0  |w 001144256  |u 000030  |a 1  |e BOA001  |j MZK50  |s A 
996 7 |b 2619362565  |c 2-0850.484  |l MZK  |r Sklad / do 1 hodiny  |n 0  |w 001144256  |u 000020  |a 1  |e BOA001  |j MZK50  |s A 
996 6 |b 2619362566  |c 2-0850.484  |l MZK  |r Sklad / do 1 hodiny  |n 0  |w 001144256  |u 000010  |a 1  |e BOA001  |j MZK50  |s P